| 000 | 00879cam a2200301 4500 | ||
|---|---|---|---|
| 001 | ABS66591 | ||
| 008 | 030424n2003 000 0 eng u | ||
| 035 | _a(Sirsi) u122077 | ||
| 245 | _aRegional survey: north-east | ||
| 260 | _c2003 | ||
| 490 |
_aProperty Week _v68(10) 14 March 2003, 51-64(8) |
||
| 590 | _aABS | ||
| 650 | _aNEWCASTLE | ||
| 650 | _aGATESHEAD | ||
| 650 | _aNORTHEAST ENGLAND | ||
| 650 | _aBIRMINGHAM | ||
| 650 | _aLIVERPOOL | ||
| 650 | _aASHINGTON | ||
| 650 | _aNEWBIGGIN | ||
| 650 | _aDARLINGTON | ||
| 650 | _aMIDDLESBROUGH | ||
| 650 | _aPROPERTY-COMMERCIAL PROPERTY-OFFICE PROPERTY-OFFICE PROPERTY MARKET | ||
| 650 | _aPROPERTY-COMMERCIAL PROPERTY-RETAIL PROPERTY-RETAIL PROPERTY MARKET | ||
| 650 | _aINDUSTRIAL MARKET | ||
| 650 | _aLEISURE MARKET | ||
| 690 | _aPROPERTY-COMMERCIAL PROPERTY-COMMERCIAL PROPERTY MARKET | ||
| 942 | _n0 | ||
| 999 |
_c72537 _d72537 |
||